Banderas de Países #7 - Estadísticas

Estadísticas generales
  • Esta prueba ha sido intentada 30 veces
  • La puntuación promedio es 14 de 16
Estadísticas de respuestas
Imagen Respuesta % Correcto
Cuba
100%
Ecuador
96%
Venezuela
96%
Haití
93%
Madagascar
93%
Somalia
93%
Uganda
93%
Belice
89%
Libia
86%
Niger
86%
Malaui
82%
Mauritania
82%
Nauru
82%
Mauricio
79%
Ruanda
79%
Namibia
71%
No se encontraron pruebas coincidentes
Distribución de puntuación
Porcentaje de gente con cada puntuación
Porcentaje por número respondido
Historial de tus puntuaciones
No has intentado esta prueba.